00423ntaaa2200169 45000030003000000050017000030080021000200400037000410820017000781000023000952450032001182500010001502600044001603000010002046500017002147000022002310120251027202734.00714s1973 ag 01  aAR-BaBNbspacAR-BaBNeaacrdRIC a745.0000 IK5 aIckis, Marguerite  aThe book of arts and crafts a3 ed. aNew York : bAssociation Press, cc1958 a275 p amanualidades aEsh, Reba Selden